000 00255nam a22001097a 4500
008 170105b xxu||||| |||| 00| 0 eng d
020 _a9780721667713
041 _aeng
080 _a618.2
245 _aMEDICAL-SURGICAL NURSING
_cMORRIS, CH
942 _2udc
_cBK
999 _c2577
_d2577